The ultimate Mother Goose and Grimm : (Record no. 89)

MARC details
000 -LEADER
fixed length control field 01217cam a2200313 a 4500
005 - DATE AND TIME OF LATEST TRANSACTION
control field 20260322212006.0
008 - FIXED-LENGTH DATA ELEMENTS--GENERAL INFORMATION
fixed length control field data
010 ## - LIBRARY OF CONGRESS CONTROL NUMBER
LC control number 2004113767
020 ## - INTERNATIONAL STANDARD BOOK NUMBER
International Standard Book Number 0740750089
020 ## - INTERNATIONAL STANDARD BOOK NUMBER
International Standard Book Number 9780740750083
040 ## - CATALOGING SOURCE
Original cataloging agency DLC
Transcribing agency DLC
Modifying agency DLC
042 ## - AUTHENTICATION CODE
Authentication code pcc
050 00 - LIBRARY OF CONGRESS CALL NUMBER
Classification number PN6728.M67
Item number P57 2005
082 00 - DEWEY DECIMAL CLASSIFICATION NUMBER
Classification number 741.5/973
Edition information 22
099 ## - LOCAL FREE-TEXT CALL NUMBER (OCLC)
Classification number PETERM
001 - CONTROL NUMBER
control field data
100 1# - MAIN ENTRY--PERSONAL NAME
Personal name Peters, Mike,
Dates associated with a name 1943-
240 10 - UNIFORM TITLE
Uniform title Mother Goose & Grimm.
Form subheading Selections
245 14 - TITLE STATEMENT
Title The ultimate Mother Goose and Grimm :
Remainder of title a 20-year treasury /
Statement of responsibility, etc. Mike Peters.
260 ## - PUBLICATION, DISTRIBUTION, ETC.
Place of publication, distribution, etc. Kansas City, Mo. :
Name of publisher, distributor, etc. Andrews McMeel,
Date of publication, distribution, etc. c2005.
300 ## - PHYSICAL DESCRIPTION
Extent 217 p. :
Other physical details chiefly ill. (some col.) ;
Dimensions 22 x 28 cm.
500 ## - GENERAL NOTE
General note Collection of previously published comic strips.
655 #0 - INDEX TERM--GENRE/FORM
Genre/form data or focus term Comic books, strips, etc.
856 42 - ELECTRONIC LOCATION AND ACCESS
Materials specified Publisher description
Uniform Resource Identifier <a href="http://www.loc.gov/catdir/enhancements/fy0630/2004113767-d.html">http://www.loc.gov/catdir/enhancements/fy0630/2004113767-d.html</a>
856 42 - ELECTRONIC LOCATION AND ACCESS
Materials specified Contributor biographical information
Uniform Resource Identifier <a href="http://www.loc.gov/catdir/enhancements/fy0645/2004113767-b.html">http://www.loc.gov/catdir/enhancements/fy0645/2004113767-b.html</a>
906 ## - LOCAL DATA ELEMENT F, LDF (RLIN)
a 7
b cbc
c orignew
d 2
e epcn
f 20
g y-gencatlg
925 0# -
-- acquire
-- 2 shelf copies
-- policy default
955 ## - COPY-LEVEL INFORMATION (RLIN)
-- lg14 2005-05-31 to Dewey
Holdings
Withdrawn status Lost status Damaged status Not for loan Home library Current library Shelving location Date acquired Total checkouts Full call number Barcode Date last seen Price effective from Koha item type
        Centerville Centerville General stacks 22/03/2026   741.5/973 22 BC0010092 22/03/2026 22/03/2026 Books